A debate to be resumed (Record no. 77560)
[ view plain ]
| 000 -LEADER | |
|---|---|
| fixed length control field | 01912cab a2200301 4500 |
| 001 - CONTROL NUMBER | |
| control field | ##L134558 |
| 008 - FIXED-LENGTH DATA ELEMENTS--GENERAL INFORMATION | |
| fixed length control field | 060816n2006 000 0 eng u |
| 035 ## - SYSTEM CONTROL NUMBER | |
| System control number | (Sirsi) u134558 |
| 041 0# - LANGUAGE CODE | |
| Language code of text/sound track or separate title | eng |
| 100 1# - MAIN ENTRY--PERSONAL NAME | |
| Personal name | Fox, Alasdair G. |
| 245 02 - TITLE STATEMENT | |
| Title | A debate to be resumed |
| 260 ## - PUBLICATION, DISTRIBUTION, ETC. | |
| Date of publication, distribution, etc. | 2006 |
| 490 #0 - SERIES STATEMENT | |
| Series statement | Journal of the Law Society of Scotland |
| Volume/sequential designation | 51(6) June 2006, 42(1) |
| 520 ## - SUMMARY, ETC. | |
| Summary, etc. | Discusses the uncertain position of the law in respect of the validity of irritancy and resumption clauses with limited notice periods relating to leases governed by the Agricultural Holdings (Scotland) Act 1991. Considers "Palmer's Executors v Shaw" ([2003] Scot CS 318, [2004] SLT 261) and "Trustees of the Earl of Stair's 1970 Trust v Robert Downie" which is to be appealed on 23 November 2006. Concludes that until the appeal decision is issued, confusion will remain to the extent that no tenant could be advised to submit to a notice of irritancy or resumption served on the strength of a clause containing a notice period of one month or less or no timescale, in excess of one month within which the tenant can rectify the default which is to give rise to the irritancy or resumption. This state of affairs is causing great difficulties to landlords. |
| 650 24 - SUBJECT ADDED ENTRY--TOPICAL TERM | |
| Topical term or geographic name entry element | AGRICULTURAL HOLDINGS (SCOTLAND) ACT 2003 |
| 650 24 - SUBJECT ADDED ENTRY--TOPICAL TERM | |
| Topical term or geographic name entry element | AGRICULTURAL HOLDINGS (SCOTLAND) ACT 1991 |
| 650 24 - SUBJECT ADDED ENTRY--TOPICAL TERM | |
| Topical term or geographic name entry element | AGRICULTURAL HOLDINGS (SCOTLAND) ACT 1991 S18 |
| 650 24 - SUBJECT ADDED ENTRY--TOPICAL TERM | |
| Topical term or geographic name entry element | AGRICULTURAL HOLDINGS (SCOTLAND) ACT 1991 S43 |
| 650 24 - SUBJECT ADDED ENTRY--TOPICAL TERM | |
| Topical term or geographic name entry element | AGRICULTURAL HOLDINGS (SCOTLAND) ACT 1991 S44 |
| 650 24 - SUBJECT ADDED ENTRY--TOPICAL TERM | |
| Topical term or geographic name entry element | AGRICULTURAL HOLDINGS (SCOTLAND) ACT 1949 |
| 650 24 - SUBJECT ADDED ENTRY--TOPICAL TERM | |
| Topical term or geographic name entry element | AGRICULTURAL HOLDINGS (SCOTLAND) ACT 1923 |
| 650 24 - SUBJECT ADDED ENTRY--TOPICAL TERM | |
| Topical term or geographic name entry element | TRUSTEES OF THE EARL OF STAIR'S 1970 TRUST V DOWNIE |
| 650 24 - SUBJECT ADDED ENTRY--TOPICAL TERM | |
| Topical term or geographic name entry element | PALMER'S EXECUTORS V SHAW |
| 651 #4 - SUBJECT ADDED ENTRY--GEOGRAPHIC NAME | |
| Geographic name | Scotland |
| Chronological subdivision | 1999- |
| 690 ## - LOCAL SUBJECT ADDED ENTRY--TOPICAL TERM (OCLC, RLIN) | |
| Topical term or geographic name as entry element | PROPERTY-RURAL AND NATURAL ASSETS-AGRICULTURAL PROPERTY |
| 700 1# - ADDED ENTRY--PERSONAL NAME | |
| Personal name | Mitchell, John A. |
| 942 ## - ADDED ENTRY ELEMENTS (KOHA) | |
| Suppress in OPAC | 0 |
| Withdrawn status | Lost status | Source of classification or shelving scheme | Damaged status | Not for loan | Home library | Current library | Shelving location | Date acquired | Total Checkouts | Full call number | Barcode | Date last seen | Copy number | Price effective from | Koha item type |
|---|---|---|---|---|---|---|---|---|---|---|---|---|---|---|---|
| Dewey Decimal Classification | London | London | Journal article | 16/08/2006 | L134558 | 134558-1001 | 06/08/2019 | 1 | 06/08/2019 | Journal article |